1172 1220 1853 1922 1860 1530 1512 1867 1805 1421 1580 1769 1895 1196 1245 1299 1419 1235 1500 1154 1163 1923 1072 1176 1635 1728 1560 1378 1609 1904 1763 1272 1723 1452 1665 1583 1290 1504 1296 1240 1277 1146 1464 1292 1099 1928 1398 1042 1708 1345 1100 1200 1435 1754 1384 1663 1963 1498 1334 1500 1986 1294 1628 1506 1832 1707 1780 1323 1611 1946 1071 1656 1417 1462 1945 1184 1390 1314 1816 1353 1671 1579 1967 1664 1979 1572 1217 1084 1381 1386 1508 1255 1049 1917 1388 1512 1329 1509 1993 BCNSPRNW ULIB Ver.6.0+V

เปลี่ยนเป็นภาษาไทย

Change to English
 แสดงรายละเอียดบรรณานุกรม
  กลับหน้าหลัก

Brief Record : Get Marc (ISO 2709) : E-mail record : QR code < ปิดหน้าต่าง
LEADER : 00000nam 2200000uu 4500
001    13399111884
003     ULIB
008    110627s2543||||th 000 0 tha d
020    97478657
060  4 WA395^bศ842ร 2543
100 0  ศูนย์ข้อมูลพื้นฐานชนบท
245 00 รายงานคุณภาพชีวิตของคนไทยจากข้อมูลความจำเป็นพื้นฐาน (จปฐ.)/^cศูนย์ข้อมูลพื้นฐานชนบท
260    กรุงเทพฯ :^bเพิ่มเสริมกิจ,^c2543
300    223 หน้า
650  7 ความจำเป็นพื้นฐาน^xประเทศกำลังพัฒนา
650  7 สุขภาพ^xประเทศกำลังพัฒนา
945    ^p0^l0^i012238
995    ทศพร
999 ^a ใช้งานได้ทุกระบบ
รายการนี้ยังไม่มีแท็ก
คุณยังไม่ได้ล็อกอิน คุณสามารถมีกิจกรรมร่วมกับเว็บไซต์ได้ แต่ต้องล็อกอินก่อน ::
  ล็อกอิน

รายการสื่อสารสนเทศ

ลำดับที่ ประเภท เลขเรียก/บาร์โค้ด สถานที่ สถานะ
- ไม่พบข้อมูล -

BibComment


ยังไม่เคยถูกคอมเมนท์

คอมเมนท์ทรัพยากรรายการนี้
  คอมเมนท์: รายงานคุณภาพชีวิต..


 Copyright 2026. Bcnsprnw @Library